MAASAI MARA UNIVERSITY

LIBRARY CATALOGUE

Contact Us: +254 020 2685356/7 or 0774 057787

Box: 861-20500, NAROK, KENYA

Email: info@mmarau.ac.ke

_Developmental Psychology R.C. Mishra (Record no. 14336)

MARC details
000 -LEADER
fixed length control field 00467nam a2200157Ia 4500
008 - FIXED-LENGTH DATA ELEMENTS--GENERAL INFORMATION
fixed length control field 151021s9999 xx 000 0 und d
020 ## - INTERNATIONAL STANDARD BOOK NUMBER
International Standard Book Number 9.7881313062e+012
050 ## - LIBRARY OF CONGRESS CALL NUMBER
Classification number BF713 .M48 2011
245 ## - TITLE STATEMENT
Title _Developmental Psychology R.C. Mishra
260 ## - PUBLICATION, DISTRIBUTION, ETC. (IMPRINT)
Place of publication, distribution, etc. New Delhi A.P.H 2011
300 ## - PHYSICAL DESCRIPTION
Extent viii,275p.
500 ## - GENERAL NOTE
General note Includes bibliography and index.
500 ## - GENERAL NOTE
General note Includes bibliography and index.
650 ## - SUBJECT ADDED ENTRY--TOPICAL TERM
Topical term or geographic name as entry element _Psychology
980 ## - EQUIVALENCE OR CROSS-REFERENCE-SERIES STATEMENT--PERSONAL NAME/TITLE [LOCAL, CANADA]
Personal name ^d20130806 11:15:35^oanne

No items available.

© 2016 Maasai Mara University.